Undertale Yellow Characters - Statistics

General Stats
  • This quiz has been taken 24 times
    11 since last reset
  • The average score is 32 of 72
Answer Stats
Picture Hint Answer % Correct
Alphys
100%
Asgore
100%
A legacy not to be forgotten. Ceroba Ketsukane
100%
Clover
100%
Your best friend! Flowey
100%
Life is difficult for this enemy. Froggit
100%
Kanako Ketsukane
100%
A little scatterbrained. Martlet
100%
The almighty Sheriff. Starlo
100%
Toriel
100%
Today means the surface. Axis Model 014
90%
Chujin Ketsukane
80%
Just wants to be left alone. Dalv
80%
Missing his quiet solitude. Decibat
80%
Often falls through the cracks. Micro Froggit
80%
Mo
80%
Buff Froggit
70%
Big frog. Macro Froggit
70%
The dream team! Ace
60%
The dream team! Ed
60%
Feels nothing. Flier
60%
The dream team! Mooch
60%
The dream team! Moray
60%
Constantly on a sugar rush Sweet Corn
60%
Looking for someone who can match his enthusiasm. Crispy Scroll
50%
The definition of passion! El Bailador
50%
An eager mind filled with a burning passion. Know Cone
50%
A sketchy character. Penilla
50%
Red
50%
Expression is blank. Rorrim
50%
Trying to get a leg up in the world. Sir Slither
50%
Blackjack
40%
Lacks physical affection. Cactony
40%
Looking for some fun. Dunebud
40%
Can't live with or without one another. Telly-Vis
40%
Intimidatingly tall. Tri
40%
A fragile facade. Bowll
30%
Broom
30%
A suspicious igloo. Frostermit
30%
Music drives their mood. Goosic
30%
Traps offenders for easy apprehension. Guardener
30%
Intimidatingly tall. Hec
30%
Up past its bedtime. Insomnitot
30%
Mail Whale
30%
The pleasant scent of flowers fill the air. Rosa
30%
Swig
30%
Intimidatingly tall. Ta
30%
Toast
30%
Train Guy
30%
The pleasant scent of flowers fill the air. Violetta
30%
Dina
20%
Manta Bot
20%
The pleasant scent of flowers fill the air. Pedla
20%
Pops
20%
Rephil
20%
Bits
10%
Card Guy
10%
Daisy
10%
Honeydew Shopkeeper
10%
Mr. Screen
10%
Slurpy
10%
A recipe for disaster. Sousborg
10%
Vendy
10%
Victor
10%
Angie
0%
Bryan
0%
Gilbert
0%
"Hygiene" is not in their vocabulary Jandroid
0%
Lil Bot 1
0%
Lil Bot 2
0%
Lil Bot 3
0%
Stresso
0%
No matching quizzes found
Score Distribution
Percent of People with Each Score
Percentile by Number Answered
Your Score History
You have not taken this quiz since the last reset